[Event "ZN-2018-0-03834"]
[Site "LSS email"]
[Date "2018.07.28"]
[Round "?"]
[White "Neil, Charles"]
[Black "Dixon, James"]
[Result "0-1"]
[WhiteElo "435"]
[BlackElo "800"]
[PlyCount "44"]
[EventDate "2018.07.23"]
[EventType "match (corr)"]
[EventRounds "2"]
[EventCountry "GER"]
[SourceTitle "Corr 2022"]
[Source "ChessBase"]
[SourceDate "2021.10.24"]
[SourceVersion "1"]
[SourceVersionDate "2021.10.24"]
[SourceQuality "1"]

1. d4 d5 2. c4 e6 3. Nc3 Nf6 4. Bg5 Be7 5. Bxf6 Bxf6 6. cxd5 exd5 7. e3 0-0 8. Bd3 c6 9. Nge2 Bg4 10. f3 Bh4+ 11. g3 Bxf3 12. gxh4 Bxh1 13. Qc2 Qxh4+ 14. Kd2 Bf3 15. Rg1 Qxh2 16. Kc1 Nd7 17. b3 Rae8 18. Qd2 Nf6 19. Kb2 Ne4 20. Qc1 Nxc3 21. Kxc3 c5 22. Bxh7+ Qxh7 0-1

[Event "OP-2018-0-04586"]
[Site "LSS email"]
[Date "2018.05.14"]
[Round "?"]
[White "Dixon, James"]
[Black "Edwardson, Zachariah"]
[Result "0-1"]
[WhiteElo "800"]
[BlackElo "1319"]
[PlyCount "55"]
[EventDate "2018.05.07"]
[EventType "tourn (corr)"]
[EventRounds "4"]
[EventCountry "GER"]
[SourceTitle "Corr 2022"]
[Source "ChessBase"]
[SourceDate "2021.10.24"]
[SourceVersion "1"]
[SourceVersionDate "2021.10.24"]
[SourceQuality "1"]

1. d4 Nf6 2. Nf3 e6 3. Bf4 d5 4. e3 c5 5. c3 Nc6 6. Nbd2 Qb6 7. Rb1 Nh5 8. Bg5 h6 9. Bh4 cxd4 10. exd4 g5 11. Ne5 Nxe5 12. Qxh5 Ng6 13. Bg3 e5 14. Nb3 e4 15. Qe2 Be7 16. Rd1 f5 17. Be5 0-0 18. Qb5 Qxb5 19. Bxb5 f4 20. 0-0 a6 21. Be2 g4 22. Rfe1 Be6 23. Kh1 Rac8 24. Kg1 Kh7 25. Kh1 b5 26. Nc5 Bxc5 27. dxc5 Nxe5 28. b4 0-1